| 000 | 00635nam a2200181 i 4500 | ||
|---|---|---|---|
| 001 | 90552 | ||
| 003 | ES-MaACL | ||
| 005 | 20240225063054.0 | ||
| 007 | t| | ||
| 008 | 050121s19261929fr ||||1| fre d | ||
| 100 | 1 |
_aLenin, Vladimir Il'ich, _d1870-1924 _971523 |
|
| 245 | 1 | 0 |
_aPages choisies / _cVladimir Illisch Lenin ; munies d'introductions et de notes par P. Pascal. |
| 260 |
_aParis : _bBureau d'editions, de diffusion et publicité, _c1926-1929 ( _eVilleneuve : _fSaint-Georges) |
||
| 300 |
_a3 v. ; _c19 cm. |
||
| 700 | 1 |
_aPascal, P. _989313 |
|
| 852 |
_aES-MaACL _jA-3566-68 _bR.15014 |
||
| 999 |
_c90552 _d90552 |
||